000 00303nam a22001337a 4500
008 171030b xxu||||| |||| 00| 0 eng d
020 _a0030705827
041 _aeng
080 _a336
100 _a56
101 _aFIN
245 _aFINANCIAL ANALYSIS PLANING PACKAGE
_cNEAD.G.L
942 _2udc
_cBK
999 _c36381
_d36381